|
|
|
|
| LEADER |
01391nam a2200301 a 4500 |
| 001 |
3349931 |
| 008 |
110407r19961986njua b 001 0 eng d |
| 010 |
|
|
|a 86000586
|
| 020 |
|
|
|a 8120309324
|
| 020 |
|
|
|a 0131966685
|
| 040 |
|
|
|a DLC
|c DLC
|d DLC
|d BD-DhAAL.
|
| 082 |
0 |
0 |
|a 005.7/3
|2 19
|
| 100 |
1 |
|
|a Tenenbaum, Aaron M.
|
| 245 |
1 |
0 |
|a Data structures using Pascal /
|c Aaron M. Tenenbaum, Moshe J. Augenstein.
|
| 250 |
|
|
|a 2nd ed.
|
| 260 |
|
|
|a Englewood Cliffs, N.J. :
|b Prentice-Hall ;
|a New Delhi :
|b Prentice-Hall,
|c c1986 [Reprinted 1996]
|
| 300 |
|
|
|a x, 774 p. :
|b ill. ;
|c 25 cm.
|
| 490 |
|
0 |
|a Prentice-Hall software series
|
| 504 |
|
|
|a Includes Bibliography [754-767 p.] and Index.
|
| 541 |
|
|
|e 00006849
|
| 650 |
|
0 |
|a Data structures (Computer science)
|
| 650 |
|
0 |
|a Pascal (Computer program language)
|
| 700 |
1 |
|
|a Augenstein, Moshe,
|d 1947-
|
| 852 |
4 |
|
|a Ayesha Abed Library
|j General shelf.
|
| 999 |
|
|
|c 10679
|d 10679
|
| 952 |
|
|
|0 0
|1 0
|2 ddc
|4 0
|6 005_730000000000000_TEN
|7 0
|9 16047
|a BRACUL
|b BRACUL
|c GEN
|d 2011-04-11
|l 1
|o 005.73 TEN
|p 3010006849
|r 2024-02-06
|s 2024-01-30
|t 1
|w 2011-04-11
|y BK
|
| 952 |
|
|
|0 0
|1 0
|2 ddc
|4 0
|6 005_730000000000000_TEN
|7 0
|9 16048
|a BRACUL
|b BRACUL
|c GEN
|d 2011-04-11
|l 0
|o 005.73 TEN
|p 3010006850
|r 2011-04-11
|t 2
|w 2011-04-11
|y BK
|
| 952 |
|
|
|0 0
|1 0
|2 ddc
|4 0
|6 005_730000000000000_TEN
|7 0
|9 16049
|a BRACUL
|b BRACUL
|c GEN
|d 2011-04-11
|l 0
|o 005.73 TEN
|p 3010010633
|r 2011-04-11
|t 3
|w 2011-04-11
|y BK
|